Succession pontificia (Record no. 8469)

MARC details
000 -CABECERA
campo de control de longitud fija 01415nam a2200289 a 4500
001 - NÚMERO DE CONTROL
campo de control BRCA_8818
005 - FECHA Y HORA DE LA ÚLTIMA TRANSACCIÓN
campo de control 20190320210425.0
008 - DATOS DE LONGITUD FIJA--INFORMACIÓN GENERAL
campo de control de longitud fija 260417s1730----sp-#######---#000-0#spa-#
041 ## - CÓDIGO DE LENGUA
Código de lengua del texto/banda sonora o título independiente spa
044 ## - CÓDIGO DEL PAÍS DE LA ENTIDAD EDITORA/PRODUCTORA
Código MARC del país sp
084 ## - OTRO NÚMERO DE CLASIFICACIÓN
Número de clasificación BE199
Número de documento/Ítem .A48 1730
100 1# - ENTRADA PRINCIPAL--NOMBRE DE PERSONA
Nombre de persona Alvarez de la Fuente, Joseph (O.F.M.)
9 (RLIN) 21971
245 10 - MENCIÓN DE TÍTULO
Título Succession pontificia
Resto del título epitome historial de las vidas, hechos y resoluciones de los summos pontífices desde San Pedro, primero vicario de Christo, hasta N. Ssmo. Padre Benedicto XIII
Mención de responsabilidad, etc. escrita por el Rmo. P.Fr. Joseph Alvarez de la Fuente; Dedicado al excmo señor Don Juan de Camargo; parte sexta.
260 ## - PUBLICACIÓN, DISTRIBUCIÓN, ETC.
Lugar de publicación, distribución, etc. Madrid
Nombre del editor, distribuidor, etc. En la Imprenta de Lorenzo Francisco Mojados
Fecha de publicación, distribución, etc. 1730
300 ## - DESCRIPCIÓN FÍSICA
Extensión [16], 507 p. (t.6)
Dimensiones 14.8 x 10.5 cm.
500 ## - NOTA GENERAL
Nota general Con privilegio
500 ## - NOTA GENERAL
Nota general Estado físico: presenta ecnuadernación en pergamino con lomo semi desprendido, carece de cintas y presencia del pez de plata
500 ## - NOTA GENERAL
Nota general En portada: Hallaráse en casa de Dionysio Ortega, Mercader de Libros en la Calle de Toledo, y à su costa
650 14 - PUNTO DE ACCESO ADICIONAL DE MATERIA--TÉRMINO DE MATERIA
Término de materia o nombre geográfico como elemento de entrada Iglesia católica
Subdivisión general Historia
Subdivisión cronológica Obras anteriores a 1800
9 (RLIN) 21972
650 14 - PUNTO DE ACCESO ADICIONAL DE MATERIA--TÉRMINO DE MATERIA
Término de materia o nombre geográfico como elemento de entrada Papas
Subdivisión de forma Bibliografías
Subdivisión cronológica Obras anteriores a 1800
9 (RLIN) 21973
650 14 - PUNTO DE ACCESO ADICIONAL DE MATERIA--TÉRMINO DE MATERIA
Término de materia o nombre geográfico como elemento de entrada Papas
Subdivisión cronológica Obras anteriores a 1800
9 (RLIN) 21974
700 1# - PUNTO DE ACCESO ADICIONAL--NOMBRE DE PERSONA
Nombre de persona Mojados, Lorenzo Francisco
Término indicativo de función/relación Impresor
9 (RLIN) 21975
700 1# - PUNTO DE ACCESO ADICIONAL--NOMBRE DE PERSONA
Nombre de persona Benedicto XIII
Títulos y otros términos asociados al nombre Papa
9 (RLIN) 21976
700 1# - PUNTO DE ACCESO ADICIONAL--NOMBRE DE PERSONA
Nombre de persona Camargo, Juan de
9 (RLIN) 21977
902 ## - CATALOGADOR
Iniciales CFM
942 ## - ELEMENTOS DE PUNTO DE ACCESO ADICIONAL (KOHA)
Fuente del sistema de clasificación o colocación Library of Congress Classification
Tipo de ítem Koha Libros
Holdings
Estado de retiro Estado de pérdida Estado dañado No para préstamo Localización permanente Ubicación/localización actual Fecha de adquisición Total de préstamos Signatura topográfica completa Código de barras Fecha visto por última vez Precio válido a partir de Tipo de ítem Koha
El ejemplar forma parte de la colección y puede ser consultado según las políticas vigentes.       Biblioteca del Museo Franz Mayer (Rogerio Casas-Alatriste) Biblioteca del Museo Franz Mayer (Rogerio Casas-Alatriste) 26/04/2017   BE199 .A48 1730 CFM00145 22/03/2019 22/03/2019 Libros